MARC

LEADER 00000nam0a2200000 4500
001 88732
005 20231031102733.0
010 |a 5804405411 
035 |a (RuTPU)RU\TPU\book\95216 
090 |a 88732 
100 |a 20051229d2005 k y0rusy50 ca 
101 0 |a rus 
102 |a RU 
105 |a a z 011zy 
200 1 |a Особенности гидрометеорологического режима прибрежной зоны залива Петра Великого (Японское море)  |f Л. А. Гайко  |g Дальневосточное отделение РАН; Тихоокеанский океанологический институт 
210 |a Владивосток  |c Дальнаука  |d 2005 
215 |a 150 с.  |c ил. 
300 |a Посвящ. 70-летию гидрометеорологической службы Приморья 
320 |a Библиогр.: с. 140-148 
610 1 |a метеорология 
610 1 |a климатология 
610 1 |a метеорологические наблюдения 
610 1 |a гидрометеорологический режим 
610 1 |a прибрежные воды 
610 1 |a залив Петра Великого 
610 1 |a Японское море 
610 1 |a температура 
675 |a 551.501  |v 3 
700 1 |a Гайко  |b Л. А.  |g Лариса Афанасьевна 
712 0 2 |a Российская академия наук (РАН)  |b Дальневосточное отделение (ДВО)  |b Тихоокеанский океанологический институт им. В. И. Ильичева (ТОИ)  |c (Владивосток)  |2 stltpush  |3 (RuTPU)RU\TPU\col\308 
801 1 |a RU  |b 63413507  |c 20051229  |g PSBO 
801 2 |a RU  |b 63413507  |c 20071123  |g PSBO 
942 |c BK